000 00928cam a22003257i 4500
001 17740065
003 Nust
005 20210215094929.0
008 130516s2013 ii 000 1 eng
010 _a 2013316939
020 _a9780670086566
025 _aI-E-2013-316939; 26-90
037 _bLibrary of Congress -- New Delhi Overseas Office
038 _aA
040 _aDLC
_beng
_cDLC
_erda
_dDLC
042 _alcode
050 0 0 _aMLCS 2012/01582 (P)
_aPR9540.9.S53
082 _a823.914
100 1 _aSidhwa, Bapsi.
_99819
245 1 0 _aTheir language of love /
_cBapsi Sidhwa.
264 1 _aNew Delhi :
_bPenguin, Viking,
_c2013.
300 _a253 pages ;
_c21 cm
336 _atext
_2rdacontent
337 _aunmediated
_2rdamedia
338 _avolume
_2rdacarrier
500 _aShort stories.
906 _a7
_bcbc
_corigode
_d4
_encip
_f20
_gy-gencatlg
942 _2ddc
_cBK
999 _c3768
_d3768